[Event "FRA-ch Rapid"]
[Site "Saint Maur des Fosses"]
[Date "2025.06.14"]
[Round "4"]
[White "Guliyev, Namig"]
[Black "Zienkiewicz, Jan"]
[Result "1-0"]
[WhiteElo "2495"]
[BlackElo "2370"]
[PlyCount "151"]
[EventDate "2025.06.14"]
[EventType "swiss"]
[EventRounds "9"]
[EventCountry "FRA"]
[SourceTitle "CB25_2025"]
[SourceDate "2025.06.18"]
[SourceVersion "1"]
[SourceVersionDate "2025.06.18"]
[SourceQuality "1"]

1. e4 c5 2. Nf3 Nc6 3. Bb5 e6 4. Bxc6 bxc6 5. d3 Ne7 6. Qe2 f6 7. Nh4 Qc7 8. f4 d5 9. 0-0 Bd7 10. Nc3 0-0-0 11. Nf3 Ng6 12. e5 Be7 13. Na4 Rhf8 14. c4 fxe5 15. fxe5 Nf4 16. Bxf4 Rxf4 17. Rac1 Rdf8 18. b3 d4 19. Nd2 R4f5 20. Rxf5 Rxf5 21. Nf3 Be8 22. h3 Bg6 23. Rf1 h5 24. Nb2 h4 25. Qe1 Qd8 26. Nd1 Bh5 27. Qe4 Kc7 28. Nf2 Qf8 29. Ng4 Rf4 30. Qe1 Qf5 31. Nfh2 Bg5 32. Rxf4 Bxf4 33. Qxh4 Kd7 34. Nf3 Bxg4 35. Qxg4 Be3+ 36. Kh1 Qxd3 37. Qxg7+ Kc8 38. Qg8+ Kb7 39. Qf7+ Kb6 40. h4 Qf1+ 41. Kh2 d3 42. Qf8 d2 43. Qd8+ Kb7 44. Qd7+ Kb6 45. Qd8+ Kb7 46. Qd7+ Kb6 47. Qd8+ Ka6 48. Qc8+ Ka5 49. Qxc6 Kb4 50. Nxd2 Qf4+ 51. Kh3 Bxd2 52. Qxe6 Be1 53. Qg4 Qe3+ 54. Qf3 Qxe5 55. h5 Qg5 56. g4 Qh4+ 57. Kg2 Bc3 58. Qb7+ Ka3 59. Qxa7+ Kb2 60. Qxc5 Qxg4+ 61. Kh2 Bd4 62. Qd5 Qh4+ 63. Kg2 Qg4+ 64. Kh2 Qf4+ 65. Kg2 Kc3 66. Qf3+ Qxf3+ 67. Kxf3 Kb4 68. Ke4 Bc3 69. h6 Kc5 70. h7 Ba1 71. Kf5 Kd6 72. Kg6 Ke7 73. a4 Bc3 74. c5 Kd7 75. Kf7 Kc6 76. Kg8 1-0

[Event "Mitropa Cup"]
[Site "Trencin"]
[Date "2025.05.21"]
[Round "8.4"]
[White "Schuricht, Emil Frederick"]
[Black "Zienkiewicz, Jan"]
[Result "1/2-1/2"]
[WhiteElo "2329"]
[BlackElo "2362"]
[PlyCount "52"]
[EventDate "2025.05.14"]
[EventType "team-tourn"]
[EventRounds "9"]
[EventCountry "SVK"]
[SourceTitle "CB22_2025"]
[SourceDate "2025.05.28"]
[SourceVersion "1"]
[SourceVersionDate "2025.05.28"]
[SourceQuality "1"]
[WhiteTeam "Germany"]
[BlackTeam "France"]
[WhiteTeamCountry "GER"]
[BlackTeamCountry "FRA"]

1. Nf3 Nf6 2. c4 g6 3. g3 b6 4. Bg2 Bb7 5. 0-0 Bg7 6. Nc3 0-0 7. Re1 c5 8. e4 Nc6 9. e5 Ne8 10. d4 Nxd4 11. Nxd4 Bxg2 12. Kxg2 cxd4 13. Qxd4 d6 14. Bf4 dxe5 15. Qxd8 Rxd8 16. Bxe5 e6 17. Bxg7 Kxg7 18. Red1 Nd6 19. b3 f5 20. Rd2 Kf6 21. Rad1 Ke7 22. Re2 Kf7 23. Red2 Ke7 24. Re2 Kf7 25. Red2 Ke7 26. Re2 Kf7 1/2-1/2

[Event "Mitropa Cup"]
[Site "Trencin"]
[Date "2025.05.20"]
[Round "7.4"]
[White "Zienkiewicz, Jan"]
[Black "Skrbec, Leon"]
[Result "0-1"]
[WhiteElo "2362"]
[BlackElo "2255"]
[PlyCount "72"]
[EventDate "2025.05.14"]
[EventType "team-tourn"]
[EventRounds "9"]
[EventCountry "SVK"]
[SourceTitle "CB22_2025"]
[SourceDate "2025.05.28"]
[SourceVersion "1"]
[SourceVersionDate "2025.05.28"]
[SourceQuality "1"]
[WhiteTeam "France"]
[BlackTeam "Slovenia"]
[WhiteTeamCountry "FRA"]
[BlackTeamCountry "SLO"]

1. e4 c6 2. d4 d5 3. e5 Bf5 4. h4 h5 5. c4 e6 6. Nc3 dxc4 7. Bxc4 Nd7 8. Nge2 Nb6 9. Bd3 Bxd3 10. Qxd3 Be7 11. Ne4 Nd5 12. 0-0 Nh6 13. N2g3 Qd7 14. Bg5 f6 15. exf6 gxf6 16. Bxh6 Rxh6 17. Nc5 Bxc5 18. dxc5 f5 19. Qd2 Rg6 20. Nxh5 Qc7 21. Rfe1 0-0-0 22. Qe2 Qh7 23. Qf3 Rh8 24. Ng3 Qxh4 25. Kf1 Nf4 26. Ne2 Nxg2 27. Ng3 Nxe1 28. Rxe1 Qc4+ 29. Kg2 Qd5 30. Qxd5 cxd5 31. Kf3 Kc7 32. b4 Rh4 33. a3 f4 34. Ne2 e5 35. Nc1 Rh3+ 36. Ke2 e4 0-1

[Event "Mitropa Cup"]
[Site "Trencin"]
[Date "2025.05.19"]
[Round "6.4"]
[White "Mica, Marek"]
[Black "Zienkiewicz, Jan"]
[Result "1-0"]
[WhiteElo "2372"]
[BlackElo "2362"]
[PlyCount "121"]
[EventDate "2025.05.14"]
[EventType "team-tourn"]
[EventRounds "9"]
[EventCountry "SVK"]
[SourceTitle "CB22_2025"]
[SourceDate "2025.05.28"]
[SourceVersion "1"]
[SourceVersionDate "2025.05.28"]
[SourceQuality "1"]
[WhiteTeam "Czech Republic"]
[BlackTeam "France"]
[WhiteTeamCountry "CZE"]
[BlackTeamCountry "FRA"]

1. Nf3 Nf6 2. g3 g6 3. c4 Bg7 4. Bg2 0-0 5. 0-0 d6 6. d4 Bf5 7. Nh4 Be4 8. Bh3 Bc6 9. Nc3 e5 10. dxe5 dxe5 11. b4 Qd4 12. Qb3 Ne4 13. Nxe4 Qxe4 14. f3 Qxe2 15. Rf2 Qe1+ 16. Bf1 a5 17. b5 a4 18. Qb2 a3 19. Qb3 Bd7 20. Rd2 e4 21. Ng2 Qxd2 22. Bxd2 Bxa1 23. fxe4 Bh3 24. Nf4 Bxf1 25. Kxf1 c6 26. Qd3 Nd7 27. Qxd7 Rad8 28. Qxb7 Rxd2 29. bxc6 Rb2 30. Qa6 Rxa2 31. c7 Bd4 32. Ne2 Be5 33. c8Q Rxc8 34. Qxc8+ Kg7 35. Qa6 Ra1+ 36. Kg2 Re1 37. Kf2 Ra1 38. c5 a2 39. c6 Kf8 40. c7 Bxc7 41. Qa3+ Kg8 42. Nc3 Rh1 43. Nxa2 Rxh2+ 44. Kf1 Bxg3 45. Nb4 Bd6 46. Qa8+ Kg7 47. Nd5 Rh5 48. Qd8 Be5 49. Ne7 f6 50. Nd5 Rh4 51. Kg2 h5 52. Kf3 Rh3+ 53. Ke2 Rh4 54. Kd3 Rh3+ 55. Kc4 Rh4 56. Kb5 Rg4 57. Ne7 Kh6 58. Qh8+ Kg5 59. Qh7 h4 60. Nxg6 Bg3 61. Ne7 1-0

[Event "Mitropa Cup"]
[Site "Trencin"]
[Date "2025.05.17"]
[Round "4.4"]
[White "Zienkiewicz, Jan"]
[Black "Druska, Juraj"]
[Result "1/2-1/2"]
[WhiteElo "2362"]
[BlackElo "2446"]
[PlyCount "123"]
[EventDate "2025.05.14"]
[EventType "team-tourn"]
[EventRounds "9"]
[EventCountry "SVK"]
[SourceTitle "CB22_2025"]
[SourceDate "2025.05.28"]
[SourceVersion "1"]
[SourceVersionDate "2025.05.28"]
[SourceQuality "1"]
[WhiteTeam "France"]
[BlackTeam "Slovakia"]
[WhiteTeamCountry "FRA"]
[BlackTeamCountry "SVK"]

1. e4 e6 2. d4 d5 3. Nc3 Nf6 4. e5 Nfd7 5. Nce2 c5 6. c3 Nc6 7. Nf3 Be7 8. a3 b5 9. Nf4 b4 10. cxb4 cxd4 11. Bb5 Qb6 12. Qe2 0-0 13. Bxc6 Qxc6 14. Nxd4 Qb6 15. Be3 Ba6 16. Qd2 Qb7 17. Nf3 Rac8 18. Bd4 Qb5 19. b3 Rc7 20. Ne2 Rfc8 21. Ra2 f6 22. 0-0 fxe5 23. Nxe5 Nf6 24. f3 Nd7 25. Re1 Nf8 26. Nc1 Qb8 27. Ncd3 Bxd3 28. Nxd3 a5 29. Be5 Qb6+ 30. Qf2 Qxf2+ 31. Kxf2 Rb7 32. bxa5 Rxb3 33. Nb4 Nd7 34. Bf4 Kf7 35. Rae2 Rxa3 36. Nxd5 Bc5+ 37. Ne3 Rxa5 38. Kf1 Bxe3 39. Bxe3 Ra6 40. Rb1 Rc7 41. Bf4 Rca7 42. Rbe1 Nf6 43. Be5 Ra2 44. Kf2 Nd5 45. Kg3 R7a6 46. Kh3 Rxe2 47. Rxe2 g5 48. Kg3 Kg6 49. h4 h6 50. hxg5 hxg5 51. Re4 Ra2 52. Bd6 Kf5 53. Re5+ Kf6 54. Re4 Kf5 55. Be5 Rc2 56. Bb8 Rb2 57. Bd6 Rd2 58. Be5 Rc2 59. Bd6 Rd2 60. Re5+ Kf6 61. Re1 Kf5 62. Re5+ 1/2-1/2

[Event "FRA-ch U16"]
[Site "Vichy"]
[Date "2025.05.03"]
[Round "8"]
[White "Zienkiewicz, Jan"]
[Black "Khoury, Theo"]
[Result "0-1"]
[WhiteElo "2362"]
[BlackElo "2143"]
[PlyCount "46"]
[EventDate "2025.04.27"]
[EventType "swiss"]
[EventRounds "9"]
[EventCountry "FRA"]
[SourceTitle "CB19_2025"]
[SourceDate "2025.05.07"]
[SourceVersion "1"]
[SourceVersionDate "2025.05.07"]
[SourceQuality "1"]

1. e4 c5 2. Nf3 d6 3. d4 cxd4 4. Nxd4 Nf6 5. Bb5+ Bd7 6. c4 a6 7. Bxd7+ Nbxd7 8. 0-0 e6 9. Nc3 Rc8 10. Qb3 Qc7 11. Bg5 Be7 12. Rac1 0-0 13. Qd1 Qa5 14. Qd2 Rxc4 15. b3 Rxd4 16. Qxd4 Qxg5 17. Qa7 d5 18. Qxb7 Bc5 19. Qxa6 Ng4 20. Rc2 Nde5 21. h3 Qf4 22. hxg4 Nxg4 23. Rb1 Bxf2+ 0-1

[Event "Titled Tuesday intern op 01st Apr Early"]
[Site "Chess.com INT"]
[Date "2025.04.01"]
[Round "7"]
[White "Janik, Igor"]
[Black "Zienkiewicz, Jan"]
[Result "1-0"]
[WhiteElo "2527"]
[BlackElo "2352"]
[PlyCount "47"]
[EventDate "2025.04.01"]
[EventType "swiss (blitz)"]
[EventRounds "11"]
[EventCountry "USA"]
[SourceTitle "CB15_2025"]
[SourceDate "2025.04.09"]
[SourceVersion "1"]
[SourceVersionDate "2025.04.09"]
[SourceQuality "1"]

1. Nf3 c5 2. g3 Nc6 3. Bg2 e5 4. c4 Be7 5. Nc3 Nf6 6. 0-0 0-0 7. d3 d6 8. Bg5 Be6 9. Nd2 Rc8 10. a3 Nd4 11. e3 Nc6 12. Rb1 Bf5 13. Bxf6 Bxf6 14. Qe2 Re8 15. b4 cxb4 16. axb4 Qd7 17. Nd5 Bd8 18. Ne4 Be6 19. Nec3 Bh3 20. Ne4 Bxg2 21. Kxg2 Kh8 22. Qh5 Ne7 23. Ng5 Nxd5 24. Qxh7# 1-0

[Event "Titled Tuesday intern op 01st Apr Early"]
[Site "Chess.com INT"]
[Date "2025.04.01"]
[Round "5"]
[White "Zienkiewicz, Jan"]
[Black "Beniosev, Daniel"]
[Result "1/2-1/2"]
[WhiteElo "2352"]
[BlackElo "1971"]
[PlyCount "123"]
[EventDate "2025.04.01"]
[EventType "swiss (blitz)"]
[EventRounds "11"]
[EventCountry "USA"]
[SourceTitle "CB15_2025"]
[SourceDate "2025.04.09"]
[SourceVersion "1"]
[SourceVersionDate "2025.04.09"]
[SourceQuality "1"]

1. e4 c5 2. Nf3 e6 3. d4 cxd4 4. Nxd4 Nc6 5. Nc3 Qc7 6. g4 a6 7. Be3 h6 8. Nxc6 Qxc6 9. Qd4 Nf6 10. f3 b5 11. 0-0-0 Bb7 12. e5 Nd5 13. Nxd5 Qxd5 14. Be2 Rc8 15. Qb6 Qc6 16. Qxc6 Bxc6 17. Rd3 Bd5 18. b3 Ba3+ 19. Kb1 0-0 20. Rhd1 Rc6 21. Rxd5 exd5 22. Rxd5 d6 23. f4 dxe5 24. fxe5 Re8 25. Bc1 Bxc1 26. Kxc1 Rce6 27. Bd3 Rxe5 28. Rd6 R5e6 29. Rd7 g6 30. h4 R8e7 31. Rd8+ Kg7 32. Ra8 Rd6 33. Kd2 Red7 34. Kc3 Rc7+ 35. Kb2 Rcc6 36. Ra7 Rd4 37. g5 hxg5 38. hxg5 Rg4 39. a4 bxa4 40. Bc4 Rf4 41. Bxa6 axb3 42. cxb3 Rc5 43. Bc4 Rxg5 44. Kc2 Rg3 45. Kb2 g5 46. Rd7 Re3 47. Kc2 Rf2+ 48. Kd1 Rh3 49. Ke1 Rf4 50. Ke2 g4 51. Ra7 g3 52. Bd5 Rh2+ 53. Ke3 Rf6 54. Ra4 Kh6 55. Ra1 g2 56. Rg1 Rg6 57. Bxf7 Rg3+ 58. Kf2 Rg5 59. Bc4 Rh3 60. Rxg2 Rxg2+ 61. Kxg2 Rxb3 62. Bxb3 1/2-1/2

[Event "Titled Tuesday intern op 01st Apr Early"]
[Site "Chess.com INT"]
[Date "2025.04.01"]
[Round "6"]
[White "Zienkiewicz, Jan"]
[Black "Brewer, Callum D"]
[Result "1-0"]
[WhiteElo "2352"]
[BlackElo "2160"]
[PlyCount "123"]
[EventDate "2025.04.01"]
[EventType "swiss (blitz)"]
[EventRounds "11"]
[EventCountry "USA"]
[SourceTitle "CB15_2025"]
[SourceDate "2025.04.09"]
[SourceVersion "1"]
[SourceVersionDate "2025.04.09"]
[SourceQuality "1"]

1. e4 c6 2. b3 d5 3. Bb2 dxe4 4. Nc3 Nf6 5. Nge2 g6 6. Nxe4 Bg7 7. N2g3 0-0 8. Nxf6+ exf6 9. Be2 f5 10. Qc1 Nd7 11. 0-0 Nf6 12. Bc3 Ne4 13. Nxe4 fxe4 14. Qb2 Bxc3 15. dxc3 Qg5 16. Rfe1 Bh3 17. Bf1 Rfe8 18. c4 Rad8 19. Qc3 Bg4 20. Be2 e3 21. Bxg4 exf2+ 22. Kxf2 Qxg4 23. g3 Qh3 24. Kg1 Re6 25. Rxe6 Qxe6 26. Rf1 Re8 27. Qf3 Qe3+ 28. Kg2 Qxf3+ 29. Kxf3 Kg7 30. Rd1 Re7 31. Rd8 Kf6 32. Rb8 a6 33. c5 Ke5 34. Rd8 h5 35. a4 Ke6 36. Kf4 f6 37. h4 Rg7 38. Kf3 g5 39. Rh8 Kd5 40. Rxh5 Kxc5 41. hxg5 fxg5 42. Kg4 Kd4 43. Rxg5 Re7 44. a5 Re4+ 45. Kf3 Re3+ 46. Kf4 Rc3 47. Rg7 Rxc2 48. Rxb7 Rc5 49. b4 Rb5 50. Rxb5 cxb5 51. g4 Kc4 52. g5 Kxb4 53. g6 Ka3 54. g7 b4 55. g8Q b3 56. Qg3 Ka2 57. Ke3 b2 58. Qh2 Ka3 59. Qc2 Ka2 60. Qa4+ Kb1 61. Kd3 Kc1 62. Qc2# 1-0

[Event "Titled Tuesday intern op 04th Mar Early"]
[Site "Chess.com INT"]
[Date "2025.03.04"]
[Round "7"]
[White "Jai, Sankar Subramanian"]
[Black "Zienkiewicz, Jan"]
[Result "0-1"]
[WhiteElo "2316"]
[BlackElo "2352"]
[PlyCount "56"]
[EventDate "2025.03.04"]
[EventType "swiss (blitz)"]
[EventRounds "11"]
[EventCountry "USA"]
[SourceTitle "CB11_2025"]
[SourceDate "2025.03.12"]
[SourceVersion "1"]
[SourceVersionDate "2025.03.12"]
[SourceQuality "1"]

1. f4 e5 2. fxe5 d6 3. exd6 Bxd6 4. g3 h5 5. Nf3 h4 6. gxh4 Rxh4 7. d4 Bg3+ 8. hxg3 Rxh1 9. Kf2 Bh3 10. Bg5 f6 11. Qd3 Rxf1+ 12. Ke3 Qe7+ 13. Kd2 fxg5 14. Qg6+ Kf8 15. Nxg5 Nf6 16. Nc3 Rxa1 17. Nxh3 Qf7 18. Qg5 Nc6 19. Nf4 Rd8 20. d5 Ne7 21. e4 c6 22. Ke2 cxd5 23. exd5 Nexd5 24. Ncxd5 Rxd5 25. Ng6+ Kg8 26. Qh4 Qxg6 27. Qc4 Qh5+ 28. Kf2 Rad1 0-1

[Event "Titled Tuesday intern op 04th Mar Early"]
[Site "Chess.com INT"]
[Date "2025.03.04"]
[Round "2"]
[White "Rakhmatullaev, Almas"]
[Black "Zienkiewicz, Jan"]
[Result "1-0"]
[WhiteElo "2413"]
[BlackElo "2352"]
[PlyCount "91"]
[EventDate "2025.03.04"]
[EventType "swiss (blitz)"]
[EventRounds "11"]
[EventCountry "USA"]
[SourceTitle "CB11_2025"]
[SourceDate "2025.03.12"]
[SourceVersion "1"]
[SourceVersionDate "2025.03.12"]
[SourceQuality "1"]

1. e4 c5 2. Nf3 Nc6 3. Bc4 g6 4. h4 Nf6 5. e5 Ng4 6. Bxf7+ Kxf7 7. Ng5+ Ke8 8. Qxg4 Nxe5 9. Qf4 Bg7 10. Nc3 d5 11. d3 h6 12. Nh3 Rf8 13. Qg3 Ng4 14. h5 g5 15. 0-0 Be5 16. f4 Bd4+ 17. Kh1 e5 18. Bd2 gxf4 19. Qf3 Be6 20. Rae1 Qd6 21. Nb5 Qe7 22. Nxd4 cxd4 23. a3 a5 24. c3 dxc3 25. bxc3 Qh4 26. Kg1 Kd7 27. c4 Qg3 28. Qxg3 fxg3 29. Rf3 Rxf3 30. gxf3 Nf6 31. Kg2 Kd6 32. c5+ Kxc5 33. Rxe5 Kd6 34. Bf4 Kd7 35. Bxh6 Rg8 36. Ng5 Re8 37. Nxe6 Rxe6 38. Rf5 b5 39. Bg7 Ng8 40. Rxd5+ Kc6 41. Re5 Rxe5 42. Bxe5 Kd5 43. Bg7 b4 44. axb4 axb4 45. h6 b3 46. h7 1-0

[Event "Titled Tuesday intern op 04th Mar Early"]
[Site "Chess.com INT"]
[Date "2025.03.04"]
[Round "6"]
[White "Zienkiewicz, Jan"]
[Black "Maksimovic, Bojan"]
[Result "0-1"]
[WhiteElo "2352"]
[BlackElo "2505"]
[PlyCount "52"]
[EventDate "2025.03.04"]
[EventType "swiss (blitz)"]
[EventRounds "11"]
[EventCountry "USA"]
[SourceTitle "CB11_2025"]
[SourceDate "2025.03.12"]
[SourceVersion "1"]
[SourceVersionDate "2025.03.12"]
[SourceQuality "1"]

1. e4 a6 2. d4 e6 3. Bd3 d5 4. e5 c5 5. c3 Bd7 6. a4 Nc6 7. Nf3 cxd4 8. cxd4 Qb6 9. 0-0 Nxd4 10. Nxd4 Qxd4 11. Nc3 Rc8 12. Re1 Qb4 13. Bg5 Be7 14. Qh5 g6 15. Bxe7 Nxe7 16. Qg5 Qxb2 17. Ne2 Qb6 18. Qf6 Rg8 19. Rab1 Qc7 20. Nf4 Bxa4 21. Nxe6 fxe6 22. Qxe6 Bd7 23. Qf6 Rf8 24. Qg7 Bf5 25. Bf1 Bxb1 26. Rxb1 Nf5 0-1

[Event "Titled Tuesday intern op 04th Mar Early"]
[Site "Chess.com INT"]
[Date "2025.03.04"]
[Round "1"]
[White "Zienkiewicz, Jan"]
[Black "Meier, Lukas"]
[Result "1-0"]
[WhiteElo "2352"]
[BlackElo "2178"]
[PlyCount "57"]
[EventDate "2025.03.04"]
[EventType "swiss (blitz)"]
[EventRounds "11"]
[EventCountry "USA"]
[SourceTitle "CB11_2025"]
[SourceDate "2025.03.12"]
[SourceVersion "1"]
[SourceVersionDate "2025.03.12"]
[SourceQuality "1"]

1. e4 Nf6 2. Nc3 d5 3. exd5 Nxd5 4. Bc4 Nb6 5. Bb3 Nc6 6. a4 a5 7. Nge2 e5 8. 0-0 Be7 9. d3 0-0 10. Be3 Nd7 11. Nd5 Bc5 12. Ng3 Bxe3 13. fxe3 Nc5 14. Bc4 Be6 15. e4 Nb4 16. Nxb4 Qd4+ 17. Kh1 Bxc4 18. Nf5 Qxb2 19. Qg4 g6 20. Rab1 Qc3 21. Nd5 Bxd5 22. exd5 Qxc2 23. Ne7+ Kg7 24. Rbc1 Qxd3 25. Nf5+ Kh8 26. Qh4 Ra6 27. Qe7 Kg8 28. Nh6+ Kg7 29. Nxf7 1-0

[Event "Cappelle op 41st"]
[Site "Cappelle la Grande"]
[Date "2025.02.17"]
[Round "4"]
[White "Laurent Paoli, Pierre"]
[Black "Zienkiewicz, Jan"]
[Result "0-1"]
[WhiteElo "2565"]
[BlackElo "2345"]
[PlyCount "64"]
[EventDate "2025.02.15"]
[EventType "swiss"]
[EventRounds "9"]
[EventCountry "FRA"]
[SourceTitle "CB09_2025"]
[SourceDate "2025.02.27"]
[SourceVersion "1"]
[SourceVersionDate "2025.02.27"]
[SourceQuality "1"]

1. d4 Nf6 2. c4 e6 3. Nc3 Bb4 4. e3 0-0 5. a3 Bxc3+ 6. bxc3 d6 7. Ne2 e5 8. Ng3 Re8 9. Be2 Nc6 10. 0-0 b6 11. f3 Ba6 12. e4 Na5 13. Nf5 Bxc4 14. Bg5 Be6 15. Nxg7 Kxg7 16. f4 Qd7 17. fxe5 Nxe4 18. Bf6+ Nxf6 19. exf6+ Kh8 20. Bd3 Bc4 21. Bf5 Be6 22. Bb1 Qb5 23. Be4 c6 24. h4 Bb3 25. Qf3 Bd5 26. Rae1 Nc4 27. a4 Qa5 28. Qh5 Rxe4 29. Rxe4 Bxe4 30. Qxf7 Rg8 31. Qe7 Rxg2+ 32. Kh1 Qxc3 0-1

[Event "Titled Tuesday intern op 11th Feb Early"]
[Site "Chess.com INT"]
[Date "2025.02.11"]
[Round "3"]
[White "Kevlishvili, Robby"]
[Black "Zienkiewicz, Jan"]
[Result "1-0"]
[WhiteElo "2555"]
[BlackElo "2345"]
[PlyCount "73"]
[EventDate "2025.02.11"]
[EventType "swiss (blitz)"]
[EventRounds "11"]
[EventCountry "USA"]
[SourceTitle "CB09_2025"]
[SourceDate "2025.02.27"]
[SourceVersion "1"]
[SourceVersionDate "2025.02.27"]
[SourceQuality "1"]

1. e4 c5 2. Nf3 Nc6 3. d4 cxd4 4. Nxd4 e5 5. Nb5 d6 6. N1c3 a6 7. Na3 b5 8. Nab1 Nf6 9. Bg5 Be7 10. Bxf6 Bxf6 11. a4 b4 12. Nd5 Be6 13. Bc4 0-0 14. 0-0 Na5 15. Ba2 Rb8 16. Nd2 g6 17. Qe2 Nc6 18. Qxa6 Nd4 19. Qd3 Bg7 20. Nf3 Kh8 21. Nxd4 exd4 22. Bb3 f5 23. a5 Qh4 24. exf5 Rxf5 25. Nb6 Bxb3 26. cxb3 Rbf8 27. a6 Rxf2 28. a7 Be5 29. h3 Qf4 30. g3 Qg5 31. a8Q Bxg3 32. Qxf8+ Rxf8 33. Rxf8+ Kg7 34. Rf3 Bf4+ 35. Kh1 Be3 36. Nc4 d5 37. Nxe3 1-0

[Event "Titled Tuesday intern op 04th Feb Early"]
[Site "Chess.com INT"]
[Date "2025.02.04"]
[Round "4"]
[White "Ashraf, Artin"]
[Black "Zienkiewicz, Jan"]
[Result "0-1"]
[WhiteElo "2407"]
[BlackElo "2345"]
[PlyCount "110"]
[EventDate "2025.02.04"]
[EventType "swiss (blitz)"]
[EventRounds "11"]
[EventCountry "USA"]
[SourceTitle "CB07_2025"]
[SourceDate "2025.02.12"]
[SourceVersion "1"]
[SourceVersionDate "2025.02.12"]
[SourceQuality "1"]

1. e4 c5 2. Nf3 Nc6 3. b3 d5 4. exd5 Qxd5 5. Nc3 Qd8 6. Bb5 Bd7 7. Bb2 Nf6 8. Qe2 a6 9. Bxc6 Bxc6 10. 0-0-0 e6 11. d4 cxd4 12. Nxd4 Qc7 13. f4 Qxf4+ 14. Kb1 Be7 15. Rhf1 Qg4 16. Qe5 0-0 17. Rd3 Qxg2 18. Qe1 Qxh2 19. Rg3 Nh5 20. Rg4 Bf6 21. Nxc6 Qh3 22. Rxf6 Qxg4 23. Ne5 Qg5 24. Rf2 f6 25. Ne4 Qh6 26. Ng4 Qg6 27. Rg2 Kh8 28. Rg1 Qf7 29. Qh4 e5 30. Nd6 Qg6 31. Rh1 Nf4 32. Ne3 h5 33. Ndf5 Rad8 34. Qf2 Rf7 35. Rg1 Qh7 36. Nh4 Nh3 37. Qg2 Nxg1 38. Qxg1 g5 39. Nhf5 Rdf8 40. a4 h4 41. Qg4 Qg6 42. Nxh4 Qh7 43. Nhf5 Kg8 44. Qc4 Kh8 45. Ka2 Qh1 46. Qg4 Qh7 47. Qb4 Qg6 48. Nd6 Rg7 49. Nef5 Rfg8 50. Qg4 Rh7 51. Ne4 b5 52. Neg3 bxa4 53. Qxa4 Rf7 54. Qxa6 Rff8 55. Qf1 Ra8+ 0-1

[Event "Titled Tuesday intern op 04th Feb Early"]
[Site "Chess.com INT"]
[Date "2025.02.04"]
[Round "10"]
[White "Shuvalova, Polina"]
[Black "Zienkiewicz, Jan"]
[Result "1/2-1/2"]
[WhiteElo "2508"]
[BlackElo "2345"]
[PlyCount "129"]
[EventDate "2025.02.04"]
[EventType "swiss (blitz)"]
[EventRounds "11"]
[EventCountry "USA"]
[SourceTitle "CB07_2025"]
[SourceDate "2025.02.12"]
[SourceVersion "1"]
[SourceVersionDate "2025.02.12"]
[SourceQuality "1"]

1. Nf3 d5 2. g3 c5 3. Bg2 Nc6 4. d4 e6 5. 0-0 Nf6 6. c4 dxc4 7. Nbd2 cxd4 8. Nxc4 Be7 9. Bf4 0-0 10. Nfe5 Bd7 11. Rc1 Nd5 12. Bxd5 exd5 13. Nxd7 Qxd7 14. Ne5 Qe6 15. Nxc6 bxc6 16. Qxd4 c5 17. Qd2 d4 18. b3 Rac8 19. Rfe1 h6 20. e3 d3 21. e4 Rfd8 22. Rc4 Qg4 23. Kg2 Bf6 24. e5 Be7 25. Bxh6 Qe6 26. Bf4 Qd5+ 27. f3 a5 28. h4 a4 29. Re3 axb3 30. axb3 Ra8 31. Rc3 Ra2 32. Qxa2 d2 33. Red3 d1Q 34. Rxd1 Qxd1 35. Rc2 Rd3 36. Rf2 Rxb3 37. Qa8+ Bf8 38. h5 Rb1 39. Kh3 Qd7+ 40. Kg2 Qd1 41. Kh3 Qd7+ 42. g4 c4 43. Qe4 Rb4 44. Rd2 Qe7 45. Rc2 Qc5 46. Be3 Qc8 47. Kg3 Rb3 48. Rxc4 Qb8 49. Rd4 Rb1 50. Rd2 Rb3 51. Bf4 Qb6 52. Rf2 Rb1 53. e6 Rg1+ 54. Rg2 Rb1 55. exf7+ Kxf7 56. Qd5+ Ke8 57. Re2+ Be7 58. Qg8+ Kd7 59. Qd5+ Ke8 60. Bg5 Qg1+ 61. Rg2 Qe1+ 62. Rf2 Qg1+ 63. Rg2 Qe1+ 64. Rf2 Qg1+ 65. Rg2 1/2-1/2

[Event "Titled Tuesday intern op 04th Feb Early"]
[Site "Chess.com INT"]
[Date "2025.02.04"]
[Round "8"]
[White "Zienkiewicz, Jan"]
[Black "Malikova, Marjona"]
[Result "1-0"]
[WhiteElo "2345"]
[BlackElo "2051"]
[PlyCount "55"]
[EventDate "2025.02.04"]
[EventType "swiss (blitz)"]
[EventRounds "11"]
[EventCountry "USA"]
[SourceTitle "CB07_2025"]
[SourceDate "2025.02.12"]
[SourceVersion "1"]
[SourceVersionDate "2025.02.12"]
[SourceQuality "1"]

1. e4 e6 2. d4 d5 3. e5 c5 4. c3 Nc6 5. Nf3 Qb6 6. a3 Bd7 7. b4 cxd4 8. cxd4 Nh6 9. Bxh6 gxh6 10. Be2 Bg7 11. 0-0 f6 12. Bd3 0-0 13. Nc3 Nxd4 14. Nxd4 fxe5 15. Nf3 e4 16. Nxe4 dxe4 17. Bxe4 Bb5 18. Re1 Rad8 19. Qb1 Bxa1 20. Qxa1 Bd3 21. Qe5 Bxe4 22. Qxe4 Rd6 23. Qh4 Rfd8 24. Qg4+ Kf8 25. Ne5 Rd1 26. Qf3+ Kg7 27. Rxd1 Rxd1+ 28. Qxd1 1-0

[Event "Titled Tuesday intern op 04th Feb Early"]
[Site "Chess.com INT"]
[Date "2025.02.04"]
[Round "11"]
[White "Zienkiewicz, Jan"]
[Black "Molina, Roberto Junio Brito"]
[Result "0-1"]
[WhiteElo "2345"]
[BlackElo "2385"]
[PlyCount "196"]
[EventDate "2025.02.04"]
[EventType "swiss (blitz)"]
[EventRounds "11"]
[EventCountry "USA"]
[SourceTitle "CB07_2025"]
[SourceDate "2025.02.12"]
[SourceVersion "1"]
[SourceVersionDate "2025.02.12"]
[SourceQuality "1"]

1. e4 c6 2. d4 d5 3. Nc3 dxe4 4. Nxe4 Nd7 5. Qe2 Ndf6 6. Nxf6+ Nxf6 7. c3 Bg4 8. Nf3 Qd5 9. Bf4 e6 10. h3 Bxf3 11. Qxf3 Qxf3 12. gxf3 Nd5 13. Be5 Rg8 14. 0-0-0 0-0-0 15. Bd3 g6 16. Kc2 h5 17. Rde1 Bd6 18. f4 Nxf4 19. Bxf4 Bxf4 20. Rhg1 Kd7 21. Re4 Bd6 22. a4 b6 23. Bc4 Rge8 24. Rge1 Bf8 25. b4 Kd6 26. Kb3 Bh6 27. R1e2 Re7 28. Re1 Rde8 29. b5 cxb5 30. axb5 Rc8 31. Ra1 Rec7 32. Ra4 Bg7 33. f4 Bh6 34. h4 Rd8 35. Be2 Ke7 36. Bf3 f5 37. Re2 Bxf4 38. Bc6 Kf6 39. Rea2 a5 40. bxa6 Rxc6 41. a7 Ra8 42. Rc4 Rd6 43. Rca4 Rd7 44. Kb4 Rd5 45. Ra6 Bd6+ 46. Kc4 Bc7 47. Kb4 Ke7 48. Rg2 Kf7 49. Rd2 Ra5 50. Ra2 Rd5 51. Kb3 f4 52. Kc2 e5 53. Kd3 exd4 54. c4 Rf5 55. Kxd4 f3 56. Rf2 Bd6 57. Ke4 Rf4+ 58. Kd5 Bc5 59. Rf1 f2 60. Kc6 Re4 61. Kb7 Ree8 62. Ra2 Kf6 63. Rc2 Kf5 64. Rcxf2+ Bxf2 65. Rxf2+ Kg4 66. Rf6 Kxh4 67. Rxg6 Rec8 68. Rg7 Rxa7+ 69. Kxa7 Rxc4 70. Kxb6 Kh3 71. Kb5 Rc8 72. Kb4 h4 73. Rg6 Kh2 74. Kb3 h3 75. Kb4 Kh1 76. Rg7 h2 77. Rg6 Rc1 78. Kb3 Rg1 79. Rh6 Kg2 80. Rg6+ Kf3 81. Rf6+ Ke4 82. Re6+ Kd5 83. Re3 h1R 84. Rd3+ Ke4 85. Rd7 Rg3+ 86. Kc2 Rg5 87. Re7+ Re5 88. Ra7 Rh2+ 89. Kc3 Rh3+ 90. Kc4 Kf5 91. Rf7+ Ke6 92. Rf1 Rh4+ 93. Kd3 Rg5 94. Ke3 Rg3+ 95. Ke2 Ra3 96. Rb1 Rh2+ 97. Kd1 Rh1+ 98. Kc2 Rxb1 0-1